Cinema architecture / (Record no. 353665)
[ view plain ]
| 000 -LEADER | |
|---|---|
| fixed length control field | 01500cam a2200457 a 4500 |
| 001 - CONTROL NUMBER | |
| control field | 16019297 |
| 003 - CONTROL NUMBER IDENTIFIER | |
| control field | OSt |
| 005 - DATE AND TIME OF LATEST TRANSACTION | |
| control field | 20180116192414.0 |
| 008 - FIXED-LENGTH DATA ELEMENTS--GENERAL INFORMATION | |
| fixed length control field | 091120s2009 sz ae 001 0 eng c |
| 010 ## - LIBRARY OF CONGRESS CONTROL NUMBER | |
| LC control number | 2009673959 |
| 015 ## - NATIONAL BIBLIOGRAPHY NUMBER | |
| National bibliography number | GBA960274 |
| Source | bnb |
| 015 ## - NATIONAL BIBLIOGRAPHY NUMBER | |
| National bibliography number | 09,N14,0832 |
| Source | GyFmDB |
| 016 7# - NATIONAL BIBLIOGRAPHIC AGENCY CONTROL NUMBER | |
| Record control number | 015292573 |
| Source | Uk |
| 016 7# - NATIONAL BIBLIOGRAPHIC AGENCY CONTROL NUMBER | |
| Record control number | 993182445 |
| Source | DE-101 |
| 016 7# - NATIONAL BIBLIOGRAPHIC AGENCY CONTROL NUMBER | |
| Record control number | 998078859 |
| Source | DE-101 |
| 020 ## - INTERNATIONAL STANDARD BOOK NUMBER | |
| International Standard Book Number | 9783037680278 (hbk.) |
| 020 ## - INTERNATIONAL STANDARD BOOK NUMBER | |
| International Standard Book Number | 303768027X (hbk.) |
| 035 ## - SYSTEM CONTROL NUMBER | |
| System control number | (OCoLC)ocn316041136 |
| 040 ## - CATALOGING SOURCE | |
| Original cataloging agency | UKM |
| Transcribing agency | UKM |
| Modifying agency | BTCTA |
| -- | YDXCP |
| -- | OHX |
| -- | TXA |
| -- | IXA |
| -- | HEBIS |
| -- | DEBBG |
| -- | GWDNB |
| -- | DLC |
| 042 ## - AUTHENTICATION CODE | |
| Authentication code | pcc |
| 050 00 - LIBRARY OF CONGRESS CALL NUMBER | |
| Classification number | NA6845 |
| Item number | .U34 2009 |
| 082 ## - DEWEY DECIMAL CLASSIFICATION NUMBER | |
| Classification number | 725.823 |
| 084 ## - OTHER CLASSIFICATION NUMBER | |
| Classification number | AP 57200 |
| Number source | rvk |
| 084 ## - OTHER CLASSIFICATION NUMBER | |
| Classification number | ZH 6250 |
| Number source | rvk |
| 100 1# - MAIN ENTRY--PERSONAL NAME | |
| Personal name | Uffelen, Chris van. |
| 9 (RLIN) | 6400 |
| 245 10 - TITLE STATEMENT | |
| Title | Cinema architecture / |
| Statement of responsibility, etc. | Chris van Uffelen. |
| 250 ## - EDITION STATEMENT | |
| Edition statement | 1st ed. |
| 260 ## - PUBLICATION, DISTRIBUTION, ETC. | |
| Place of publication, distribution, etc. | [Salenstein] : |
| Name of publisher, distributor, etc. | Braun, |
| Date of publication, distribution, etc. | 2009. |
| 300 ## - PHYSICAL DESCRIPTION | |
| Extent | 253 p. : |
| Other physical details | ill. (chiefly col.), plans (some col.) ; |
| Dimensions | 30 cm. |
| 500 ## - GENERAL NOTE | |
| General note | Includes index. |
| 650 #0 - SUBJECT ADDED ENTRY--TOPICAL TERM | |
| Topical term or geographic name entry element | Motion picture theaters |
| Form subdivision | Pictorial works. |
| 9 (RLIN) | 6401 |
| 650 #0 - SUBJECT ADDED ENTRY--TOPICAL TERM | |
| Topical term or geographic name entry element | Architecture, Modern |
| Chronological subdivision | 21st century |
| Form subdivision | Pictorial works. |
| 9 (RLIN) | 6402 |
| 650 07 - SUBJECT ADDED ENTRY--TOPICAL TERM | |
| Topical term or geographic name entry element | Filmtheater. |
| Source of heading or term | swd |
| 9 (RLIN) | 6403 |
| 650 07 - SUBJECT ADDED ENTRY--TOPICAL TERM | |
| Topical term or geographic name entry element | Architektur. |
| Source of heading or term | swd |
| 9 (RLIN) | 6404 |
| 655 #7 - INDEX TERM--GENRE/FORM | |
| Genre/form data or focus term | Bildband. |
| Source of term | swd |
| 9 (RLIN) | 6446 |
| 906 ## - LOCAL DATA ELEMENT F, LDF (RLIN) | |
| a | 7 |
| b | cbc |
| c | pccadap |
| d | 3 |
| e | ncip |
| f | 20 |
| g | y-gencatlg |
| 942 ## - ADDED ENTRY ELEMENTS (KOHA) | |
| Source of classification or shelving scheme | |
| Koha item type | Book |
| Withdrawn status | Lost status | Source of classification or shelving scheme | Damaged status | Not for loan | Permanent Location | Current Location | Date acquired | Total Checkouts | Total Renewals | Full call number | Barcode | Date last seen | Date last checked out | Copy number | Cost, replacement price | Price effective from | Koha item type |
|---|---|---|---|---|---|---|---|---|---|---|---|---|---|---|---|---|---|
| School of Art Design and Architecture (SADA) | School of Art Design and Architecture (SADA) | 08/24/2012 | 5 | 2 | 725.823 UFF 2009 | SADA0001804 | 06/26/2015 | 04/10/2015 | 1 | 4725.00 | 02/20/2013 | Book |
